| 000 | 00000nam 2200000zi 4500 |
| 001 | 9.892334 |
| 003 | CaOODSP |
| 005 | 20250324130929 |
| 006 | m o d f |
| 007 | cr ||||||||||| |
| 008 | 201009e197406##oncd ob f000 0 fre d |
| 040 | |aCaOODSP|bfre|erda|cCaOODSP |
| 043 | |an-cn--- |
| 086 | 1 |aCo28-1/148-1974F-PDF |
| 245 | 04|aLes sociétés exploitantes de télécommunications et leurs fournisseurs : |bétude préliminaire de la fourniture du matériel aux sociétés exploitantes de télécommunications du Canada. |
| 264 | 1|a[Ottawa] : |bMinistère des communications, Direction des télécommunications nationales, Développement des ressources industrielles, |cJuin 1974. |
| 300 | |a1 ressource en ligne (143 pages) : |bgraphiques |
| 336 | |atexte|btxt|2rdacontent/fre |
| 337 | |ainformatique|bc|2rdamedia/fre |
| 338 | |aressource en ligne|bcr|2rdacarrier/fre |
| 500 | |aÉdition numérisée de l'imprimé [par Innovation, Sciences et Développement économique Canada]. |
| 504 | |aComprend des références bibliographiques. |
| 650 | 6|aTélécommunications|xÉquipement|xIndustrie|zCanada. |
| 650 | 6|aTélécommunications|xPolitique gouvernementale|zCanada. |
| 650 | 0|aTelecommunication equipment industry|zCanada. |
| 650 | 0|aTelecommunication policy|zCanada. |
| 710 | 1 |aCanada. |bMinistère des communications, |eorganisme de publication. |
| 856 | 40|qPDF|s2.56 Mo|uhttps://publications.gc.ca/collections/collection_2023/isde-ised/Co28-1-148-1974-fra.pdf |